[Event "ZL-2014-0-01560"]
[Site "Lechenicher SchachServer"]
[Date "2014.12.08"]
[Round "?"]
[White "Zmolil, Karel"]
[Black "Timing, Jan"]
[Result "0-1"]
[WhiteElo "1226"]
[BlackElo "1423"]
[PlyCount "42"]
[EventDate "2014.12.01"]

1. e4 e5 2. Nf3 Nc6 3. c3 d5 4. exd5 Qxd5 5. d3 Bf5 6. Nh4 Be6 7. Be2 O-O-O 8.
O-O e4 9. d4 g5 10. c4 Qxd4 11. Bxg5 Qxb2 12. Nd2 Be7 13. Rb1 Qxa2 14. Ra1 Qb2
15. Rb1 Qc3 16. Rb3 Qg7 17. Bxe7 Ngxe7 18. Re3 Qb2 19. Qa4 Rxd2 20. Re1 Nd4 21.
Kf1 Nxe2 0-1

[Event "Bogota Navidad op"]
[Site "Bogota"]
[Date "2014.12.07"]
[Round "7"]
[White "Saladen Dulce, Rafael"]
[Black "Lopez, Jorge Hernan"]
[Result "1/2-1/2"]
[WhiteElo "2205"]
[BlackElo "2045"]
[PlyCount "101"]
[EventDate "2014.12.04"]
[EventType "swiss"]
[EventRounds "9"]
[EventCountry "COL"]
[SourceTitle "CBM 163 Extra"]
[Source "ChessBase"]
[SourceDate "2014.12.23"]
[SourceVersion "1"]
[SourceVersionDate "2014.12.23"]
[SourceQuality "1"]

1. e4 e5 2. Nf3 Nc6 3. c3 Nf6 4. d4 d5 5. exd5 Qxd5 6. Nbd2 e4 7. Bc4 Qh5 8.
Qe2 Bf5 9. d5 O-O-O 10. dxc6 exf3 11. cxb7+ Kb8 12. Nxf3 Bc5 13. Be3 Rhe8 14.
Rd1 Rxd1+ 15. Kxd1 Ng4 16. Re1 Nxe3+ 17. fxe3 Bxe3 18. Bd5 Qg6 19. Nd4 Bd3 20.
Nc6+ Kxb7 21. Ne5+ c6 22. Qxd3 Qxd3+ 23. Nxd3 cxd5 24. Nb4 Re5 25. Nc2 Bf4 26.
Rf1 Bxh2 27. Rxf7+ Kb6 28. Rxg7 h5 29. Rg6+ Kb7 30. b4 h4 31. a4 Bg3 32. a5 Rf5
33. Ne3 Re5 34. Nc2 Rf5 35. Rg7+ Ka6 36. Rg6+ Kb7 37. b5 Rf2 38. Nd4 Rxg2 39.
Rg7+ Kc8 40. Nc6 h3 41. b6 axb6 42. axb6 Rb2 43. Ne7+ Kd8 44. Kc1 Rxb6 45. Rxg3
Rh6 46. Rxh3 Rxh3 47. Nxd5 Rd3 48. c4 Kd7 49. Kc2 Rh3 50. Nb4 Ke6 51. Nd3
1/2-1/2

[Event "Qatar Masters op"]
[Site "Doha"]
[Date "2014.12.02"]
[Round "7"]
[White "Kharous, Ernest"]
[Black "Nemcova, Katerina"]
[Result "1/2-1/2"]
[WhiteElo "2358"]
[BlackElo "2312"]
[PlyCount "60"]
[EventDate "2014.11.26"]
[EventType "swiss"]
[EventRounds "9"]
[EventCountry "QAT"]
[SourceTitle "CBM 164"]
[Source "ChessBase"]
[SourceDate "2015.01.15"]
[SourceVersion "1"]
[SourceVersionDate "2015.01.15"]
[SourceQuality "1"]

1. e4 e5 2. Nf3 Nc6 3. c3 Nf6 4. d3 d5 5. Nbd2 Be7 6. Be2 O-O 7. O-O Re8 8. h3
h6 9. Qc2 a6 10. Re1 Bf8 11. Nf1 g6 12. N3h2 Bg7 13. Bf3 Be6 14. Ng4 Nxg4 15.
Bxg4 f5 16. exf5 gxf5 17. Bh5 Rf8 18. f4 Kh8 19. fxe5 f4 20. d4 Qh4 21. Qe2
Bxh3 22. gxh3 f3 23. Bxf3 Rxf3 24. Qxf3 Qxe1 25. Bxh6 Qxa1 26. Bxg7+ Kxg7 27.
Qf6+ Kg8 28. Qg6+ Kh8 29. Qh6+ Kg8 30. Qg6+ Kh8 1/2-1/2

[Event "MVP-ch Seniors op 14th"]
[Site "Binz"]
[Date "2014.12.01"]
[Round "7"]
[White "Fleischer, Martin"]
[Black "Pfueller, Volker"]
[Result "0-1"]
[WhiteElo "1690"]
[BlackElo "1498"]
[PlyCount "46"]
[EventDate "2014.11.25"]
[EventType "swiss"]
[EventRounds "9"]
[EventCountry "GER"]
[SourceTitle "EXT 2016"]
[Source "ChessBase"]
[SourceDate "2015.10.10"]
[SourceVersion "1"]
[SourceVersionDate "2015.10.10"]
[SourceQuality "1"]

1. e4 e5 2. Nf3 Nc6 3. c3 Nf6 4. Qc2 Be7 5. Bb5 d6 6. d4 d5 7. Nxe5 Qd6 8. exd5
Qxd5 9. Qa4 Qxg2 10. Bxc6+ bxc6 11. Qxc6+ Qxc6 12. Nxc6 Bb7 13. Nxe7 Bxh1 14.
Nf5 g6 15. Ng3 Bb7 16. Bh6 Ng4 17. Bf4 O-O-O 18. Nf1 Rhe8+ 19. Ne3 Re4 20. Nd2
Rxf4 21. Nxg4 Rxg4 22. O-O-O Rg2 23. Re1 Rxh2 0-1

[Event "Las Palmas Centro Goya op"]
[Site "Las Palmas"]
[Date "2014.12.01"]
[Round "1"]
[White "Gutierrez Olivares, Daniel"]
[Black "Guedes Lopez, Mario"]
[Result "1-0"]
[WhiteElo "2296"]
[BlackElo "1525"]
[PlyCount "49"]
[EventDate "2014.12.01"]
[EventType "swiss"]
[EventRounds "9"]
[EventCountry "ESP"]
[SourceTitle "CBM 163 Extra"]
[Source "ChessBase"]
[SourceDate "2014.12.23"]
[SourceVersion "1"]
[SourceVersionDate "2014.12.23"]
[SourceQuality "1"]

1. e4 e5 2. Nf3 Nc6 3. c3 Nf6 4. d4 exd4 5. e5 Nd5 6. cxd4 Bb4+ 7. Nbd2 d6 8.
Bc4 Be6 9. O-O O-O 10. Ne4 h6 11. Bxh6 gxh6 12. Bxd5 dxe5 13. Bxe6 fxe6 14.
dxe5 Qxd1 15. Raxd1 Rad8 16. a3 Be7 17. b4 Rf5 18. Rxd8+ Nxd8 19. Rd1 Kf8 20.
Rd7 c6 21. Nd6 Rf4 22. Nc8 Rc4 23. g3 Rc3 24. Kg2 Nf7 25. Rxe7 1-0

[Event "MVP-ch Seniors op 14th"]
[Site "Binz"]
[Date "2014.11.30"]
[Round "6"]
[White "Assmann, Hans"]
[Black "Bade, Heidrun"]
[Result "1/2-1/2"]
[WhiteElo "1472"]
[BlackElo "1633"]
[PlyCount "25"]
[EventDate "2014.11.25"]
[EventType "swiss"]
[EventRounds "9"]
[EventCountry "GER"]
[SourceTitle "EXT 2016"]
[Source "ChessBase"]
[SourceDate "2015.10.10"]
[SourceVersion "1"]
[SourceVersionDate "2015.10.10"]
[SourceQuality "1"]

1. e4 e5 2. Nf3 Nc6 3. c3 d6 4. Bb5 Bd7 5. d3 Be7 6. Be3 Bf6 7. Nbd2 Nge7 8.
Nf1 a6 9. Ba4 O-O 10. Ng3 b5 11. Bc2 h6 12. Nh5 Ng6 13. Qd2 1/2-1/2

[Event "HUN-chT 1415"]
[Site "Hungary"]
[Date "2014.11.30"]
[Round "3.2"]
[White "Kaczur, Florian"]
[Black "Szukics, Adam"]
[Result "1-0"]
[WhiteElo "2278"]
[BlackElo "1989"]
[PlyCount "49"]
[EventDate "2014.10.12"]
[EventType "team-tourn"]
[EventRounds "9"]
[EventCountry "HUN"]
[SourceTitle "CBM 163 Extra"]
[Source "ChessBase"]
[SourceDate "2014.12.23"]
[SourceVersion "1"]
[SourceVersionDate "2014.12.23"]
[SourceQuality "1"]
[WhiteTeam "Paks"]
[BlackTeam "HVSE"]
[WhiteTeamCountry "HUN"]
[BlackTeamCountry "HUN"]

1. e4 e5 2. Nf3 Nc6 3. c3 d5 4. Qa4 Bd7 5. exd5 Nd4 6. Qd1 Nxf3+ 7. Qxf3 Nf6 8.
Bc4 e4 9. Qe2 Bd6 10. d4 O-O 11. h3 h6 12. Be3 a5 13. Nd2 a4 14. a3 Qe7 15. O-O
Rae8 16. Rae1 Qd8 17. f3 exf3 18. Qxf3 c6 19. dxc6 Bxc6 20. Qf5 Bg3 21. Qg6 Qd6
22. Rxf6 Qxf6 23. Qxg3 b5 24. Rf1 Qe7 25. Bxh6 1-0

[Event "SVK-chT1W 1415"]
[Site "Slovakia"]
[Date "2014.11.29"]
[Round "3.1"]
[White "Chovanec, Milan"]
[Black "Voros, Gellert"]
[Result "1-0"]
[WhiteElo "2143"]
[BlackElo "2069"]
[PlyCount "59"]
[EventDate "2014.10.18"]
[EventType "team-tourn"]
[EventRounds "11"]
[EventCountry "SVK"]
[SourceTitle "EXT 2016"]
[Source "ChessBase"]
[SourceDate "2015.10.10"]
[SourceVersion "1"]
[SourceVersionDate "2015.10.10"]
[SourceQuality "1"]

1. e4 e5 2. Nf3 Nc6 3. c3 Nf6 4. d4 Nxe4 5. d5 Nb8 6. Nxe5 Be7 7. Bd3 Nc5 8.
Bc2 d6 9. Nd3 Nxd3+ 10. Qxd3 Nd7 11. O-O Ne5 12. Qe2 O-O 13. Be3 Bg4 14. f3 Bh5
15. Nd2 Re8 16. Rad1 Bg5 17. Bxg5 Qxg5 18. Qf2 Qf4 19. Rfe1 a6 20. Re4 Qf6 21.
Re3 Bg6 22. Bxg6 Qxg6 23. Rde1 Kf8 24. Qe2 f6 25. f4 Nd7 26. Re7 Red8 27. b4
Qf5 28. c4 Rac8 29. Nf3 Qxf4 30. Qe6 1-0

[Event "West Wales op 47th"]
[Site "Swansea"]
[Date "2014.11.29"]
[Round "3"]
[White "Zeidler, Sven P"]
[Black "Evans, Nicholas Thomas"]
[Result "0-1"]
[WhiteElo "2225"]
[BlackElo "1874"]
[PlyCount "62"]
[EventDate "2014.11.28"]
[EventType "swiss"]
[EventRounds "5"]
[EventCountry "WLS"]
[SourceTitle "EXT 2016"]
[Source "ChessBase"]
[SourceDate "2015.10.10"]
[SourceVersion "1"]
[SourceVersionDate "2015.10.10"]
[SourceQuality "1"]

1. e4 e5 2. Nf3 Nc6 3. c3 Nf6 4. d4 exd4 5. e5 Nd5 6. Bb5 a6 7. Bc4 Nb6 8. Bb3
d5 9. exd6 Bxd6 10. O-O O-O 11. Nxd4 Bd7 12. a4 Nxd4 13. Qxd4 Bc6 14. Bc2 Re8
15. Na3 Be5 16. Qxd8 Raxd8 17. a5 Nd5 18. g3 Bd6 19. Nc4 Bc5 20. Bb3 Re2 21.
Bg5 Rde8 22. Rad1 h6 23. Bc1 R8e6 24. Ne3 Nxe3 25. Rd8+ Kh7 26. Bxe6 Nxf1 27.
Bxf7 Rxf2 28. Bg8+ Kg6 29. b4 Rf8+ 30. bxc5 Rxd8 31. Bb3 Nd2 0-1

[Event "CAMPEONATO PARAIBANO DE XADREZ - ID FID"]
[Site "?"]
[Date "2014.11.29"]
[Round "?"]
[White "De Lima, Claudionor Henrique"]
[Black "Trigueiro, Hamilton Nobrega"]
[Result "1-0"]
[WhiteElo "1527"]
[BlackElo "1578"]
[PlyCount "63"]
[EventDate "2014.??.??"]
[SourceTitle "OM OTB B 201907"]
[Source "Opening Master"]
[SourceDate "2019.07.06"]
[SourceVersion "2"]
[SourceVersionDate "2019.07.06"]
[SourceQuality "1"]

1. e4 e5 2. Nf3 Nc6 3. c3 Nf6 4. Bb5 a6 5. Bxc6 bxc6 6. Nxe5 Bc5 7. d4 Bb6 8.
h4 h6 9. Na3 Bb7 10. f3 d5 11. Qb3 Qe7 12. exd5 Nxd5 13. O-O Qxh4 14. Nac4 O-O
15. Nxb6 cxb6 16. Bd2 b5 17. c4 Qxd4+ 18. Rf2 Nf4 19. Bc3 Qd6 20. Rd1 Qe7 21.
Rd7 Qg5 22. Rxb7 Nh3+ 23. Kf1 Qc1+ 24. Be1 bxc4 25. Qxc4 Qxc4+ 26. Nxc4 Nxf2
27. Kxf2 Rfd8 28. Ne5 f6 29. Nxc6 Rdc8 30. Ne7+ Kf8 31. Nxc8 Rxc8 32. Bc3 1-0

[Event "SVK-chT3B2 1415"]
[Site "Slovakia"]
[Date "2014.11.23"]
[Round "3.4"]
[White "Poliakova, Emma"]
[Black "Cabala, Nathan"]
[Result "1/2-1/2"]
[WhiteElo "1679"]
[BlackElo "1576"]
[PlyCount "49"]
[EventDate "2014.10.05"]
[EventType "team-tourn"]
[EventRounds "14"]
[EventCountry "SVK"]
[SourceTitle "OM OTB B 201907"]
[Source "Opening Master"]
[SourceDate "2019.07.06"]
[SourceVersion "2"]
[SourceVersionDate "2019.07.06"]
[SourceQuality "1"]

1. e4 e5 2. Nf3 Nc6 3. c3 Nf6 4. d4 exd4 5. e5 Qe7 6. cxd4 d6 7. Bb5 Bd7 8. O-O
dxe5 9. Nxe5 O-O-O 10. Bxc6 Bxc6 11. Nxc6 bxc6 12. Qa4 Kb7 13. Bd2 h5 14. Rc1
Qd6 15. Na3 Ng4 16. g3 Qf6 17. Be3 Re8 18. Nc4 Rxe3 19. Na5+ Kc8 20. Rc2 Rf3
21. Nxc6 Rxf2 22. Nxa7+ Kd8 23. Nc6+ Kc8 24. Na7+ Kd8 25. Nc6+ 1/2-1/2

[Event "Mataro op 11th"]
[Site "Mataro"]
[Date "2014.11.22"]
[Round "9"]
[White "Puig Vila, Esteve"]
[Black "Martin, David"]
[Result "1/2-1/2"]
[WhiteElo "1765"]
[BlackElo "1794"]
[PlyCount "79"]
[EventDate "2014.09.27"]
[EventType "swiss"]
[EventRounds "9"]
[EventCountry "ESP"]
[SourceTitle "EXT 2016"]
[Source "ChessBase"]
[SourceDate "2015.10.10"]
[SourceVersion "1"]
[SourceVersionDate "2015.10.10"]
[SourceQuality "1"]

1. e4 e5 2. Nf3 Nc6 3. c3 Bc5 4. d4 exd4 5. Nxd4 Nf6 6. Bg5 Be7 7. Nxc6 bxc6 8.
Bd3 d6 9. O-O O-O 10. Nd2 Bb7 11. Qc2 Nd7 12. Bxe7 Qxe7 13. f4 Nc5 14. Rae1
Nxd3 15. Qxd3 Rad8 16. Qe2 Rfe8 17. Qf2 Ba6 18. c4 c5 19. b3 Bb7 20. Re2 Rd7
21. Rfe1 Qd8 22. Nf3 Rde7 23. Nd2 a5 24. e5 Qd7 25. exd6 Rxe2 26. Rxe2 Rxe2 27.
Qxe2 cxd6 28. f5 f6 29. h3 h6 30. g4 Qc6 31. Qh2 Kf7 32. Kf2 Ke7 33. Qg3 Kd7
34. Ke2 d5 35. cxd5 Qxd5 36. Qd3 Kc6 37. Nc4 Qxd3+ 38. Kxd3 Ba6 39. Kc3 Bxc4
40. Kxc4 1/2-1/2

[Event "Valencia Provincial-ch"]
[Site "Valencia"]
[Date "2014.11.22"]
[Round "7"]
[White "Garcia Fernandez, Carlos"]
[Black "Silva Rodriguez, Fernando"]
[Result "1/2-1/2"]
[WhiteElo "2312"]
[BlackElo "2244"]
[PlyCount "168"]
[EventDate "2014.09.27"]
[EventType "swiss"]
[EventRounds "7"]
[EventCountry "ESP"]
[SourceTitle "EXT 2016"]
[Source "ChessBase"]
[SourceDate "2015.10.10"]
[SourceVersion "1"]
[SourceVersionDate "2015.10.10"]
[SourceQuality "1"]

1. e4 e5 2. Nf3 Nc6 3. c3 d5 4. d3 f6 5. Nbd2 Be6 6. b4 a6 7. a3 Bd6 8. g3 Qd7
9. h4 Nh6 10. Bg2 O-O 11. Qc2 Ng4 12. O-O h6 13. Nh2 dxe4 14. dxe4 h5 15. Nxg4
hxg4 16. Qd1 Qf7 17. Qe2 Ne7 18. Kh2 c5 19. f3 gxf3 20. Bxf3 Nc8 21. Bg4 Nb6
22. Bxe6 Qxe6 23. b5 c4 24. Rb1 a5 25. Rf3 Rfd8 26. Nf1 Bc5 27. Be3 Na4 28. Qc2
Bxe3 29. Nxe3 Nc5 30. Nf5 Rd3 31. Rxd3 cxd3 32. Qd1 Qc4 33. Qg4 Ne6 34. Rd1 Rd8
35. Ne3 Qa2+ 36. Kh3 Kf7 37. Qh5+ Kg8 38. Qg4 Rd6 39. Nd5 Qe2 40. Qxe2 dxe2 41.
Re1 Nc5 42. Rxe2 Kf7 43. c4 Rd8 44. Kg2 Rc8 45. Nb6 Rd8 46. Nd5 Rc8 47. Kf2 Nb3
48. Rc2 Nd4 49. Rc3 Ke6 50. Ke3 f5 51. exf5+ Nxf5+ 52. Kd2 Nd6 53. Kd3 Nxc4 54.
Rxc4 Rd8 55. Rc5 b6 56. Rc6+ Kxd5 57. Ke3 Rf8 58. Rg6 Rf7 59. a4 Kc5 60. h5 Rb7
61. Rg4 Rd7 62. Re4 Kd5 63. g4 Rc7 64. Kf3 Rf7+ 65. Ke3 Rc7 66. Kd3 Rc1 67. Re2
Rg1 68. Rc2 Rxg4 69. Rc6 Rxa4 70. Rxb6 Ra3+ 71. Kc2 Rh3 72. Rg6 Rxh5 73. b6 Rh8
74. b7 Rb8 75. Rxg7 Kc6 76. Re7 Kd6 77. Rh7 Kc6 78. Rh5 Kd5 79. Rh7 Kd4 80. Kb3
e4 81. Ka4 e3 82. Kxa5 e2 83. Re7 Rxb7 84. Rxe2 Kc3 1/2-1/2

[Event "Richardson UTD Fall op"]
[Site "Richardson"]
[Date "2014.11.22"]
[Round "2"]
[White "Kadric, Denis"]
[Black "Girish, A Koushnik"]
[Result "1/2-1/2"]
[WhiteElo "2481"]
[BlackElo "2412"]
[PlyCount "59"]
[EventDate "2014.11.21"]
[EventType "swiss"]
[EventRounds "9"]
[EventCountry "USA"]
[SourceTitle "CBM 163 Extra"]
[Source "ChessBase"]
[SourceDate "2014.12.23"]
[SourceVersion "1"]
[SourceVersionDate "2014.12.23"]
[SourceQuality "1"]

1. e4 e5 2. Nf3 Nc6 3. c3 d5 4. d3 Nf6 5. Nbd2 Be7 6. Be2 O-O 7. Qc2 h6 8. O-O
Be6 9. b4 a6 10. Bb2 Re8 11. Rfe1 Bf8 12. Bf1 dxe4 13. dxe4 Nh7 14. a4 Qf6 15.
Nc4 Ng5 16. Re3 Rad8 17. Nxg5 Qxg5 18. Rg3 Qf6 19. Bc1 Rd7 20. Be3 Red8 21. Rf3
Qg6 22. b5 Bxc4 23. Bxc4 Na5 24. Be2 Qe6 25. c4 axb5 26. axb5 b6 27. Rg3 Qf6
28. Rf3 Qe6 29. Rg3 Qf6 30. Rf3 1/2-1/2

[Event "Heusenstamm Schloss op 1st"]
[Site "Heusenstamm"]
[Date "2014.11.21"]
[Round "3"]
[White "Weiland, Thomas"]
[Black "Eichner, Christian"]
[Result "0-1"]
[WhiteElo "1847"]
[BlackElo "2058"]
[PlyCount "62"]
[EventDate "2014.11.20"]
[EventType "swiss"]
[EventRounds "7"]
[EventCountry "GER"]
[SourceTitle "CBM 163 Extra"]
[Source "ChessBase"]
[SourceDate "2014.12.23"]
[SourceVersion "1"]
[SourceVersionDate "2014.12.23"]
[SourceQuality "1"]

1. e4 e5 2. Nf3 Nc6 3. c3 d5 4. exd5 Qxd5 5. d4 Bg4 6. Be2 exd4 7. cxd4 Bb4+ 8.
Nc3 Bxf3 9. Bxf3 Qc4 10. Bxc6+ Qxc6 11. O-O Ne7 12. Bd2 O-O 13. a3 Bxc3 14.
bxc3 a5 15. a4 Nd5 16. Qb3 Rfe8 17. Rfe1 Nb6 18. Rab1 Rad8 19. Bg5 Rxe1+ 20.
Rxe1 Re8 21. Qd1 Qxa4 22. Qc1 h6 23. Be3 Qc6 24. Qc2 Qe4 25. Qc1 Qd3 26. Rd1
Qc4 27. Qb2 Nd5 28. Qxb7 Nxc3 29. Ra1 Ne2+ 30. Kh1 Nxd4 31. Rc1 Qxc1+ 0-1

[Event "SB-2014-0-00392"]
[Site "Lechenicher SchachServer"]
[Date "2014.11.20"]
[Round "?"]
[White "Obukhov, Gennady Nikolaevich"]
[Black "Herzog, Klaus"]
[Result "1/2-1/2"]
[WhiteElo "1846"]
[BlackElo "1736"]
[PlyCount "44"]
[EventDate "2014.10.05"]
[SourceTitle "OM Corr 202003"]
[Source "Opening Master"]
[SourceDate "2019.05.30"]
[SourceVersion "2"]
[SourceVersionDate "2019.05.30"]
[SourceQuality "1"]

1. e4 e5 2. Nf3 Nc6 3. c3 d5 4. Qa4 f6 5. d3 Be6 6. Be2 Nge7 7. O-O Ng6 8. Be3
Be7 9. exd5 Qxd5 10. d4 e4 11. Nfd2 f5 12. c4 Qa5 13. Qb3 O-O 14. Qxb7 Bd7 15.
Nb3 Qb6 16. Qxb6 axb6 17. Nc3 f4 18. Bd2 f3 19. gxf3 exf3 20. Bd3 Nf4 21. Bxf4
Rxf4 22. Be4 Bh3 1/2-1/2

[Event "SB-2014-0-00392"]
[Site "Lechenicher SchachServer"]
[Date "2014.11.20"]
[Round "?"]
[White "Obukhov, Gennady Nikolaevich"]
[Black "Oliger, Mark"]
[Result "1/2-1/2"]
[WhiteElo "1846"]
[BlackElo "1823"]
[PlyCount "59"]
[EventDate "2014.10.05"]
[SourceTitle "OM Corr 202003"]
[Source "Opening Master"]
[SourceDate "2019.05.30"]
[SourceVersion "2"]
[SourceVersionDate "2019.05.30"]
[SourceQuality "1"]

1. e4 e5 2. Nf3 Nc6 3. c3 Nf6 4. d4 Nxe4 5. d5 Ne7 6. Nxe5 Ng6 7. Qf3 Nf6 8.
Nxg6 hxg6 9. Be2 d6 10. O-O Be7 11. Re1 O-O 12. c4 Re8 13. Bd2 a5 14. Nc3 Nd7
15. h3 Nc5 16. Bd3 a4 17. Ne4 Nxe4 18. Rxe4 Bf5 19. Re2 Bxd3 20. Qxd3 Bf6 21.
Rxe8+ Qxe8 22. Re1 Qd7 23. Bc3 Re8 24. b3 Bxc3 25. Qxc3 Rxe1+ 26. Qxe1 Qf5 27.
bxa4 Qc2 28. Qe8+ Kh7 29. Qxf7 Qc1+ 30. Kh2 1/2-1/2

[Event "CRO-chT2 West"]
[Site "Croatia"]
[Date "2014.11.16"]
[Round "8.22"]
[White "Grbac, Boris"]
[Black "Ugulin, Silvano"]
[Result "1-0"]
[WhiteElo "2165"]
[BlackElo "2030"]
[PlyCount "101"]
[EventDate "2014.03.15"]
[EventType "team-tourn"]
[EventRounds "9"]
[EventCountry "CRO"]
[SourceTitle "OM OTB B 201907"]
[Source "Opening Master"]
[SourceDate "2019.07.06"]
[SourceVersion "2"]
[SourceVersionDate "2019.07.06"]
[SourceQuality "1"]
[WhiteTeam "Porec Gortan"]
[BlackTeam "Rovinj Batana"]
[WhiteTeamCountry "CRO"]
[BlackTeamCountry "CRO"]

1. e4 e5 2. Nf3 Nc6 3. c3 d5 4. Qa4 dxe4 5. Nxe5 Qd5 6. Nxc6 bxc6 7. Bc4 Qd6 8.
O-O Nf6 9. d4 Be7 10. Bf4 Qd7 11. Nd2 O-O 12. Rfe1 Nd5 13. Bg3 f5 14. f3 Bg5
15. Nxe4 Be7 16. Nf2 Bd6 17. Be5 Kh8 18. Bxd5 cxd5 19. Qxd7 Bxd7 20. Nd3 Rab8
21. b4 Bb5 22. Nf4 Bc4 23. Ne6 Rf7 24. f4 Kg8 25. Re3 Re8 26. Ng5 Rfe7 27. a3
a5 28. Nf3 Ra8 29. Rae1 axb4 30. axb4 Ra2 31. Bxd6 Rxe3 32. Rxe3 cxd6 33. Ng5
Ra8 34. h3 h6 35. Nf3 Kf7 36. Nd2 Ra1+ 37. Kh2 Bb5 38. Nb3 Ra2 39. Kg1 g5 40.
fxg5 hxg5 41. Rf3 Ke6 42. Na5 f4 43. Rf2 Ra1+ 44. Kh2 Rc1 45. h4 Rxc3 46. hxg5
Kf5 47. Nb7 Kxg5 48. Nxd6 Bc4 49. Rb2 Rd3 50. b5 Rxd4 51. b6 1-0

[Event "FICS rated standard game"]
[Site "FICS freechess.org"]
[Date "2014.11.11"]
[Round "?"]
[White "myleoclub"]
[Black "antibot"]
[Result "1-0"]
[WhiteElo "2057"]
[BlackElo "2004"]
[PlyCount "41"]
[EventDate "2014.??.??"]
[SourceTitle "OM Portal C 201906"]
[Source "Opening Master"]
[SourceDate "2019.06.27"]
[SourceVersion "1"]
[SourceVersionDate "2019.06.27"]
[SourceQuality "1"]

1. e4 e5 2. Nf3 Nc6 3. c3 d5 4. Qa4 Bd7 5. exd5 Nd4 6. Qd1 Nxf3+ 7. Qxf3 Nf6 8.
Bc4 e4 9. Qe2 Bd6 10. d4 O-O 11. Bg5 h6 12. Bh4 Re8 13. O-O Bf4 14. Na3 g5 15.
Bg3 Bg4 16. Qc2 e3 17. Bxf4 gxf4 18. d6 Kh8 19. fxe3 Qxd6 20. Rxf4 Rxe3 21.
Raf1 1-0

[Event "AK-1854 oPCSE"]
[Site "BdF-Schachserver"]
[Date "2014.11.10"]
[Round "?"]
[White "Denker, Hans Peter"]
[Black "Neelmeier, Stephan"]
[Result "1-0"]
[WhiteElo "1316"]
[BlackElo "1494"]
[PlyCount "25"]
[EventDate "2014.11.17"]
[SourceTitle "OM Corr 202003"]
[Source "Opening Master"]
[SourceDate "2019.05.30"]
[SourceVersion "2"]
[SourceVersionDate "2019.05.30"]
[SourceQuality "1"]

1. e4 e5 2. Nf3 Nc6 3. c3 f5 4. d3 Nf6 5. exf5 d5 6. Bg5 Bxf5 7. Be2 h6 8. Bxf6
Qxf6 9. h3 O-O-O 10. Nbd2 e4 11. dxe4 dxe4 12. Nh2 e3 13. fxe3 1-0

[Event "CZE-chT1E 1415"]
[Site "Czechia"]
[Date "2014.11.09"]
[Round "2.2"]
[White "Simacek, Pavel"]
[Black "Sosna, Jan"]
[Result "0-1"]
[WhiteElo "2464"]
[BlackElo "2364"]
[PlyCount "52"]
[EventDate "2014.10.19"]
[EventType "team-tourn"]
[EventRounds "11"]
[EventCountry "CZE"]
[SourceTitle "EXT 2015"]
[Source "ChessBase"]
[SourceDate "2014.11.20"]
[SourceVersion "1"]
[SourceVersionDate "2014.11.20"]
[SourceQuality "1"]
[WhiteTeam "Brno Lokomotiva"]
[BlackTeam "Stare Mesto"]
[WhiteTeamCountry "CZE"]
[BlackTeamCountry "CZE"]

1. e4 e5 2. Nf3 Nc6 3. c3 Nf6 4. d4 Nxe4 5. d5 Ne7 6. Nxe5 Ng6 7. Qf3 Nf6 8.
Nxg6 hxg6 9. Bg5 Be7 10. Bc4 O-O 11. Bxf6 Bxf6 12. d6 Rb8 13. Nd2 b5 14. dxc7
Qxc7 15. Bd5 b4 16. Ne4 bxc3 17. bxc3 Ba6 18. h4 Rfe8 19. Rh3 Qa5 20. Rd1 Rb5
21. Qe2 Re5 22. Rhd3 Rc5 23. Bxf7+ Kxf7 24. Rxd7+ Kf8 25. Rxa7 Bxe2 26. Rxa5
Rxa5 0-1

[Event "ZN-2014-0-02858"]
[Site "Lechenicher SchachServer"]
[Date "2014.11.09"]
[Round "?"]
[White "Hendershot, Paul"]
[Black "Bossler, Andreas"]
[Result "0-1"]
[WhiteElo "575"]
[BlackElo "1021"]
[PlyCount "40"]
[EventDate "2014.11.05"]

1. e4 e5 2. Nf3 Nc6 3. c3 Nf6 4. Bd3 Bc5 5. O-O O-O 6. b4 Bb6 7. Qb3 d6 8. Ng5
h6 9. Nf3 Be6 10. Bc4 Qe7 11. Bxe6 fxe6 12. Nh4 Qf7 13. d3 g5 14. Nf3 g4 15.
Bxh6 gxf3 16. Bxf8 Rxf8 17. g3 Kg7 18. Nd2 Ng4 19. Nxf3 Qxf3 20. Qxe6 Bxf2+ 0-1

[Event "Manresa op 31st"]
[Site "Manresa"]
[Date "2014.11.08"]
[Round "7"]
[White "Sanchez Rodriguez, Manuel"]
[Black "Lazaro Molins, Gerard"]
[Result "1-0"]
[WhiteElo "1706"]
[BlackElo "1700"]
[PlyCount "50"]
[EventDate "2014.09.20"]
[EventType "swiss"]
[EventRounds "8"]
[EventCountry "ESP"]
[SourceTitle "EXT 2016"]
[Source "ChessBase"]
[SourceDate "2015.10.10"]
[SourceVersion "1"]
[SourceVersionDate "2015.10.10"]
[SourceQuality "1"]

1. e4 e5 2. Nf3 Nc6 3. c3 Nf6 4. d3 d5 5. Bg5 g6 6. Be2 Bg7 7. O-O O-O 8. Nbd2
b6 9. Qb3 Ba6 10. Bxf6 Bxf6 11. exd5 Ne7 12. c4 Bb7 13. Ne4 Nf5 14. Nxf6+ Qxf6
15. c5 Rad8 16. c6 Ba8 17. Qc4 Ne7 18. b4 a6 19. d4 Nxd5 20. dxe5 b5 21. Qxd5
Rxd5 22. exf6 Rfd8 23. Bd1 h5 24. Bb3 R5d6 25. Ng5 Rxf6 1-0

[Event "FAI-chT3 1415"]
[Site "Faroe Islands"]
[Date "2014.11.08"]
[Round "3.3"]
[White "Hansen, Justinus"]
[Black "Dimun, Janus Ur"]
[Result "1/2-1/2"]
[WhiteElo "1480"]
[BlackElo "1258"]
[PlyCount "56"]
[EventDate "2014.10.26"]
[EventType "team-tourn"]
[EventRounds "7"]
[EventCountry "FAI"]
[SourceTitle "CBM 163 Extra"]
[Source "ChessBase"]
[SourceDate "2014.12.23"]
[SourceVersion "1"]
[SourceVersionDate "2014.12.23"]
[SourceQuality "1"]
[WhiteTeam "Toftir II"]
[BlackTeam "Havnin IV"]
[WhiteTeamCountry "FAI"]
[BlackTeamCountry "FAI"]

1. e4 e5 2. Nf3 Nc6 3. c3 Nf6 4. d3 d6 5. Be2 Be7 6. O-O O-O 7. Re1 Be6 8. Bf1
Bg4 9. h3 Bh5 10. Nbd2 d5 11. exd5 Nxd5 12. Qc2 Bg6 13. Nxe5 Nxe5 14. Rxe5 Bd6
15. Re1 Qf6 16. Ne4 Qe5 17. g3 f5 18. Bf4 Nxf4 19. gxf4 Qxf4 20. Nxd6 Qxd6 21.
Qb3+ Kh8 22. d4 f4 23. Qe6 Qd8 24. Qe7 Qc8 25. Qe6 Qd8 26. Qe7 Qd5 27. Qxc7
Qg5+ 28. Kh2 Qh4 1/2-1/2